[Event "Tournament (Elo) (a)"]
[Site "masterchessopen.com – Budapest (Hungary)"]
[Date "2004.02.14"]
[Round "7"]
[White "Kovacs G_ (HUN)"]
[Black "Ignacz Maria (HUN)"]
[Result "1-0"]
[WhiteElo "2449"]
[BlackElo "2153"]

1.e4 c5 2.Nf3 d6 3.d4 cxd4 4.Nxd4 Nf6 5.Nc3 Nc6 6.Bc4 Qb6 7.Nb3 e6 8.Bf4 Qb4
9.Qe2 a6 10.O-O Be7 11.Be3 Na5 12.Bd3 Nxb3 13.axb3 Bd7 14.Nb5 axb5 15.Rxa8+
Bd8 16.c3 Qxb3 17.Ra3 {#r} 1-0

[Event "Ch Brazil"]
[Site "masterchessopen.com – Rio de Janeiro (Brazil)"]
[Date "2004.02.27"]
[Round "2"]
[White "Matsuura Everaldo (BRA)"]
[Black "Souza Neves Andrey M (BRA)"]
[Result "1-0"]
[WhiteElo "2474"]
[BlackElo "2200"]

1.e4 c5 2.Nf3 Nc6 3.d4 cxd4 4.Nxd4 Nf6 5.Nc3 d6 6.Bc4 Qb6 7.Nb3 e6 8.O-O a6
9.a4 Qc7 10.a5 Ne5 11.Be2 Bd7 12.f4 Nc4 13.Bd3 Be7 14.Qf3 O-O 15.g4 Bb5 16.g5
Nd7 17.Qh3 Nc5 18.f5 Rfe8 19.fxe6 fxe6 20.Nd4 Qd7 21.Be2 Bd8 22.b4 Rc8 23.bxc5
Rxc5 24.Bg4 Bxa5 25.Bxe6+ Qxe6 26.Nxe6 Bxc3 27.Qxc3 {#r} 1-0

[Event "It (open) (c)"]
[Site "masterchessopen.com – Aragon (Spain)"]
[Round "0"]
[White "Gimeno Oteo Marco Antonio (ESP)"]
[Black "Sanchez Moreno Jose Carlos (ESP)"]
[Result "1-0"]
[WhiteElo "2177"]
[BlackElo "2028"]

1.e4 c5 2.Nf3 d6 3.d4 cxd4 4.Nxd4 Nf6 5.Nc3 Nc6 6.Bc4 Qb6 7.Nb3 e6 8.Be3 Qc7
9.Qe2 Bd7 10.f4 Rc8 11.Bd3 Be7 12.O-O h5 13.Kh1 Ng4 14.Bg1 Bf6 15.e5 dxe5
16.f5 Nb4 17.fxe6 fxe6 18.Nb5 Bxb5 19.Bxb5+ Kf7 20.Rad1 Nd5 21.c4 Ne7 22.Nc5
Rcd8 23.Bd7 Rxd7 24.Rxd7 Qc6 25.Qd3 e4 26.Nxe4 Ne5 27.Ng5+ {#r} 1-0

[Event "Ch Russia (juniors) (under 10) (g)"]
[Site "masterchessopen.com – Dagomys (Russia)"]
[Round "0"]
[White "Mukhametgaleeva Railia (RUS)"]
[Black "Moiseenko Olga (RUS)"]
[Result "1-0"]
[WhiteElo "1995"]
[BlackElo "1834"]

1.e4 c5 2.Nf3 d6 3.d4 cxd4 4.Nxd4 Nf6 5.Nc3 Nc6 6.Bc4 g6 7.f4 e5 8.Nxc6 bxc6
9.fxe5 dxe5 10.Bxf7+ Ke7 11.Qxd8+ Kxd8 12.Bg5 Ke7 13.Bb3 Bg7 14.O-O-O Bg4
15.Rd2 h6 16.Be3 Rhb8 {#r} 1-0

[Event "It (open) \"]
[Site "masterchessopen.com – Berlin (Germany)"]
[Date "2004.05.21"]
[Round "4"]
[White "Prudlo Simon (GER)"]
[Black "Schulz Olaf (GER)"]
[Result "1-0"]
[WhiteElo "2169"]
[BlackElo "1856"]

1.e4 c5 2.Nc3 Nc6 3.Nge2 d6 4.d4 cxd4 5.Nxd4 Nf6 6.Bc4 g6 7.Bb3 Bg7 8.f3 Qb6
9.Nde2 O-O 10.Bg5 Qc5 11.Qd2 b5 12.Be3 Qb4 13.a4 Qa5 14.Nxb5 Qd8 15.O-O Na5
16.Nxa7 Bd7 17.Ba2 {#r} 1-0

[Event "It (blitz) (qual)"]
[Site "masterchessopen.com – Internet"]
[Round "1"]
[White "Golubev Mikhail (UKR)"]
[Black "Iordachescu Viorel (MDA)"]
[Result "1-0"]
[WhiteElo "2520"]
[BlackElo "2632"]

1.e4 c5 2.Nf3 Nc6 3.d4 cxd4 4.Nxd4 Nf6 5.Nc3 d6 6.Bc4 Qb6 7.Nxc6 bxc6 8.O-O g6
9.Qe1 Qc7 10.f4 d5 11.e5 Nd7 12.Bd3 Nc5 13.Be3 e6 14.Qf2 Nxd3 15.cxd3 Ba6
16.Rfd1 {#r} 1-0

[Event "It (open)"]
[Site "masterchessopen.com – Utrecht (Netherlands)"]
[Date "2004.06.06"]
[Round "5"]
[White "Vos Jan Pieter (NED)"]
[Black "Jens Jelmer (NED)"]
[Result "1-0"]
[WhiteElo "2099"]
[BlackElo "2366"]

1.e4 c5 2.Nf3 Nc6 3.d4 cxd4 4.Nxd4 Nf6 5.Nc3 d6 6.Bc4 Qb6 7.Nb3 e6 8.Be3 Qc7
9.Be2 a6 10.a4 b6 11.O-O Be7 12.f4 Bb7 13.Bf3 O-O 14.g4 Nd7 15.g5 Nc5 16.Nxc5
dxc5 17.Bg2 Rfd8 18.Qh5 Nd4 19.Rf2 Bc6 20.Raf1 Qb7 21.f5 exf5 22.exf5 Bxg2
23.Rxg2 Nxf5 24.Rxf5 g6 25.Qf3 {#r} 1-0

[Event "It (open)"]
[Site "masterchessopen.com – Balatonlelle (Hungary)"]
[Date "2004.07.19"]
[Round "1"]
[White "Varadi Viktor (HUN)"]
[Black "Kohalmi Endre (HUN)"]
[Result "1-0"]
[WhiteElo "2421"]
[BlackElo "2037"]

1.e4 c5 2.Nf3 Nc6 3.d4 cxd4 4.Nxd4 Nf6 5.Nc3 d6 6.Bc4 Qb6 7.Ndb5 a6 8.Be3 Qd8
9.Nd4 e5 10.Nf5 Bxf5 11.exf5 Be7 12.g4 h6 13.Qf3 Qa5 14.O-O-O Rf8 15.h4 O-O-O
16.g5 hxg5 17.hxg5 Nd7 18.Nd5 Nc5 19.f6 Bxf6 20.gxf6 gxf6 21.Bd2 {#r} 1-0

[Event "It (open)"]
[Site "masterchessopen.com – Balatonlelle (Hungary)"]
[Date "2004.07.23"]
[Round "5"]
[White "Schulz Peter (AUT)"]
[Black "Kohalmi Endre (HUN)"]
[Result "1-0"]
[WhiteElo "2083"]
[BlackElo "2037"]

1.e4 c5 2.Nf3 Nc6 3.d4 cxd4 4.Nxd4 Nf6 5.Nc3 d6 6.Bc4 Qb6 7.Nb3 e5 8.O-O Be7
9.Be3 Qc7 10.Nd5 Nxd5 11.Bxd5 O-O 12.c3 Be6 13.Qd3 Rfd8 14.Rad1 Bf6 15.Qc4 Qc8
16.Rd2 Bxd5 17.Qxd5 Ne7 18.Qb5 a6 19.Qb6 Qc4 20.f3 Ng6 21.Re1 Be7 22.Na5 Qxa2
23.b3 Qa3 24.Nc4 {#r} 1-0

[Event "It \"]
[Site "masterchessopen.com – Copenhagen (Denmark)"]
[Date "2004.07.24"]
[Round "1"]
[White "Malmdin Nils-Ake (SWE)"]
[Black "Forsmann Henning (DEN)"]
[Result "1-0"]
[WhiteElo "2200"]
[BlackElo "1747"]

1.e4 c5 2.Nf3 Nc6 3.d4 cxd4 4.Nxd4 Nf6 5.Nc3 d6 6.Bc4 Qb6 7.Nb3 e6 8.Bg5 Be7
9.Qe2 O-O 10.O-O-O Ne5 11.Bd3 a6 12.f4 Nxd3+ 13.Rxd3 e5 14.f5 Bd7 15.Qd2 Kh8
16.Bxf6 gxf6 17.Nd5 Qd8 18.Rh3 Rg8 19.Qh6 Rg7 20.g4 Bc6 21.Nxe7 Bxe4 22.Re1
Bxc2 23.Kxc2 Qxe7 24.g5 Qd7 25.Qxf6 Rc8+ 26.Kb1 Rc4 27.Rd3 {#r} 1-0

[Event "It (open)"]
[Site "masterchessopen.com – Saint Chely d'Aubrac (France)"]
[Date "2004.07.24"]
[Round "9"]
[White "Capron Michel"]
[Black "Trzesniower Jacques (FRA)"]
[Result "1-0"]
[WhiteElo "1400"]
[BlackElo "1538"]

1.e4 c5 2.Nf3 Nc6 3.Nc3 d6 4.Bc4 Nf6 5.d4 cxd4 6.Nxd4 a6 7.Nxc6 bxc6 8.Bg5 Qc7
9.Qd3 Ng4 10.Bf4 e5 11.Bg3 Be7 12.h3 Nf6 13.Bh4 O-O 14.O-O Rd8 15.Rad1 a5
16.f4 Nxe4 17.Bxe7 Qxe7 18.Qxe4 d5 19.Nxd5 cxd5 20.Bxd5 Rb8 21.Qxe5 Qc5+
22.Kh2 Ba6 23.Bxf7+ {#r} 1-0

[Event "It (open) (c)"]
[Site "masterchessopen.com – Plzen (Czech Republic)"]
[Round "6"]
[White "Bolek M"]
[Black "Verf F"]
[Result "0-1"]
[WhiteElo "1554"]
[BlackElo "1638"]

1.e4 c5 2.Nf3 d6 3.d4 cxd4 4.Nxd4 Nf6 5.Nc3 Nc6 6.Bc4 g6 7.Nxc6 bxc6 8.e5 Ng4
9.e6 Nh6 10.Bxh6 Bxh6 11.exf7+ Kf8 12.Qf3 d5 13.Nxd5 cxd5 14.Bxd5 Rb8 15.O-O
e6 16.Bc6 Qe7 17.Rad1 Kg7 18.Be8 Rxe8 19.fxe8=Q Qxe8 20.Qc3+ Kg8 21.Rfe1 Bg7
22.Qa5 Bb7 23.Rd6 e5 24.Red1 Bf8 25.Rd7 Qe6 26.Qxa7 Qc6 27.f3 Bc5+ {#R} 0-1

[Event "It (open)"]
[Site "masterchessopen.com – Oklahoma City (USA)"]
[Date "2004.09.05"]
[Round "5"]
[White "Brooks Michael A (USA)"]
[Black "Simo Judit (HUN)"]
[Result "1-0"]
[WhiteElo "2508"]
[BlackElo "2040"]

1.e4 c5 2.Nf3 d6 3.d4 cxd4 4.Nxd4 Nf6 5.Nc3 Nc6 6.Bc4 Qb6 7.Nb3 e6 8.O-O Be7
9.Be3 Qc7 10.f4 O-O 11.Bd3 Rd8 12.Qf3 e5 13.Nd5 Nxd5 14.exd5 Nb4 15.fxe5 dxe5
16.Qxf7+ Kh8 17.Bg5 Nxd5 18.Rae1 Bg4 19.Bxe7 Nxe7 20.h3 Qb6+ 21.Kh1 Qh6
22.Qxe7 Bxh3 23.Qxe5 Bf5+ 24.Qh2 {#r} 1-0

[Event "Ch SCG (team)"]
[Site "masterchessopen.com – Budva (Yugoslavia)"]
[Date "2004.09.10"]
[Round "3"]
[White "Todorovic Goran M (SRB)"]
[Black "Popovic Petar (SRB)"]
[Result "0-1"]
[WhiteElo "2540"]
[BlackElo "2501"]

{ Todorovic Goran M (SCG) +1 =5 -4 } 1.e4 { 1 } 1...c5 2.Nf3 d6 3.d4 cxd4
4.Nxd4 Nf6 5.Nc3 Nc6 6.Bc4 Qb6 7.Nde2 e6 8.O-O Be7 { ?/= } 9.b3 ( 9.Bb3 O-O
10.Kh1 Na5 11.Bg5 Qc5 12.f4 b5 13.Ng3 b4 14.e5 dxe5 15.Bxf6 gxf6 16.Nce4 Qd4
17.Qh5 Nxb3 18.Qh6 exf4 19.Nh5 f5 20.Rad1 Qe5 21.Nef6+ Bxf6 22.Nxf6+ Qxf6
23.Qxf6 Nc5 24.Qg5+ Kh8 25.Qe7 Ba6 26.Qxc5 Bxf1 27.Rxf1 { 1-0, Fischer Robert
J 2780 - Benko Pal C 2407 , Bled 1959 Tournament (candidates) } ) ( 9.Be3 Qc7
10.Ng3 h5 11.Be2 h4 12.Nh5 Nxh5 13.Bxh5 h3 14.g3 g6 15.Be2 a6 16.a4 b6 17.f4
Bb7 18.Qe1 Nb8 19.Bd4 Rh7 20.Qf2 Nd7 21.Bf3 Bf6 22.Rad1 O-O-O 23.Bxf6 Nxf6
24.Qd4 e5 25.Qf2 Rhh8 26.Rd3 Kb8 27.Rfd1 exf4 28.gxf4 Rhe8 { ...1/2-1/2,
Martinez Gonzalez Crescencio 2237 - Becerra Rivero Julio 2569 , Benasque 1997
It (open) } ) 9...O-O 10.Bb2 { N } ( 10.Bd3 Ne5 11.h3 Bd7 12.Be3 Qc7 13.f4
Nxd3 14.cxd3 b5 15.Rc1 Qb7 16.Ng3 b4 17.Nce2 Rfc8 18.Qd2 a5 19.Nd4 Rxc1
20.Rxc1 Rc8 21.Kf2 Ne8 22.Rxc8 Qxc8 23.Qc1 Qxc1 24.Bxc1 e5 25.Nf3 exf4 26.Bxf4
Nc7 27.Nf5 Bxf5 28.exf5 Nd5 29.Bc1 Bf6 { ...1-0, Lakos Nikoletta 2415 -
Darchia Diana 2150 , Zagan 1997 Ch World (juniors) (under 20) (g) } ) 10...Ne5
11.Bd3 Bd7 { N } 12.h3 Bc6 13.Kh1 Rad8 14.f4 Ng6 15.Qe1 d5 16.exd5 Nxd5
17.Nxd5 Bxd5 18.Nc3 Bc6 19.Bxg6 hxg6 20.Ne4 Qb4 21.Nc3 { ?! } ( 21.c4 { !? }
21...Rd3 22.Rf3 Rxf3 23.gxf3 { } ) 21...Rd7 22.a3 Qc5 23.Qe2 Rfd8 24.Ne4 { ?!
} ( 24.Rad1 { !? } 24...Qf5 25.Kh2 Bd6 26.g3 { } ) 24...Qf5 25.Rae1 Bh4 26.Ng5
Bxe1 27.Qxe1 Rd2 { } {#R} 0-1

[Event "Cup Russia \"]
[Site "masterchessopen.com – Internet"]
[Date "2004.11.25"]
[Round "0"]
[White "Gajsin Evgenij (RUS)"]
[Black "Akhmadeev Vadim (RUS)"]
[Result "0-1"]
[WhiteElo "2456"]
[BlackElo "2417"]

1.e4 c5 2.Nf3 d6 3.d4 cxd4 4.Nxd4 Nf6 5.Nc3 Nc6 6.Bc4 Qb6 7.Nxc6 bxc6 8.O-O e5
9.Bg5 Qxb2 10.Qd3 Qb6 11.Bxf6 gxf6 12.Nd5 Qd8 13.f4 cxd5 14.Qxd5 Be6 15.Qc6+
Ke7 16.Bxe6 fxe6 17.Kh1 Rc8 18.Qa4 Qd7 19.Qa3 Rg8 20.fxe5 fxe5 21.Qh3 Kd8
22.Rad1 Rxc2 23.Qh4+ Be7 24.Qxh7 Rgxg2 25.Qh8+ Qe8 {#R} 0-1

[Event "It (open)"]
[Site "masterchessopen.com – Litomysl (Czech Republic)"]
[Date "2004.12.26"]
[Round "1"]
[White "Bozzali Ermanno (ITA)"]
[Black "Stocek Jiri (CZE)"]
[Result "0-1"]
[WhiteElo "2105"]
[BlackElo "2569"]

1.e4 c5 2.Nf3 d6 3.d4 cxd4 4.Nxd4 Nf6 5.Nc3 Nc6 6.Bc4 Bd7 7.Be3 a6 8.f3 e6
9.Qd2 Be7 10.O-O-O b5 11.Bb3 O-O 12.g4 Nxd4 13.Qxd4 a5 14.a4 bxa4 15.Bxa4 Rb8
16.Qa7 Bxa4 17.Nxa4 Nd7 18.Rd4 Ne5 19.Qa6 Nxf3 20.Rdd1 Rb4 21.Nc3 Qb8 22.b3
Rc8 23.Ba7 Bg5+ 24.Kb2 Qc7 25.Rd3 Ne5 26.Rh3 Bd2 {#R} 0-1

[Event "Ch Russia (club) (w)"]
[Site "masterchessopen.com – Sochi (Russia)"]
[Round "8"]
[White "Meshcheriakova Evgenia (RUS)"]
[Black "Kosintseva Tatiana (RUS)"]
[Result "0-1"]
[WhiteElo "2197"]
[BlackElo "2489"]

1.e4 c5 2.Nf3 Nc6 3.Nc3 d6 4.d4 cxd4 5.Nxd4 Nf6 6.Bc4 Qb6 7.Nde2 e6 8.O-O Be7
9.Be3 Qa5 10.Ng3 O-O 11.f4 Rd8 12.Bd3 Bd7 13.Qe2 Rac8 14.a3 Re8 15.Rad1 e5
16.f5 Nd4 17.Qd2 Bd8 18.Bg5 Qb6 19.Bxf6 Nf3+ {#R} 0-1

[Event "Memorial A.Timashkov"]
[Site "masterchessopen.com – Tula (Russia)"]
[Date "2005.04.15"]
[Round "8"]
[White "Kazakov Nikolay (RUS)"]
[Black "Semenov Nikolai (RUS)"]
[Result "0-1"]
[WhiteElo "1901"]
[BlackElo "2076"]

1.e4 c5 2.Nf3 d6 3.Bc4 Nf6 4.Nc3 Nc6 5.d4 cxd4 6.Nxd4 Bd7 7.Be3 a6 8.a3 b5
9.Bd5 Rc8 10.O-O e6 11.Bxc6 Bxc6 12.f3 Bb7 13.Rc1 Be7 14.Qe2 O-O 15.g4 Nd7
16.Qg2 Nb6 17.Rb1 Nc4 18.Nd1 Nxe3 19.Nxe3 Qc7 20.c3 e5 21.Ndc2 d5 22.exd5 Rfd8
{#R} 0-1

[Event "Cup Belarus"]
[Site "masterchessopen.com – Minsk (Belarus)"]
[Date "2005.05.25"]
[Round "6"]
[White "Romashin Evgenji (BLR)"]
[Black "Papenin Nikolai (UKR)"]
[Result "0-1"]
[WhiteElo "2156"]
[BlackElo "2325"]

1.e4 c5 2.Nf3 d6 3.d4 cxd4 4.Nxd4 Nf6 5.Nc3 Nc6 6.Bc4 Qb6 7.Nde2 e6 8.O-O Be7
9.Bb3 O-O 10.Kh1 Bd7 11.f4 Na5 12.e5 Ng4 13.Ne4 Nxb3 14.exd6 Nxa1 15.dxe7 Rfe8
16.Qxd7 Nxc2 17.h3 Qa6 18.N2g3 Nge3 19.Rf2 Qxa2 20.Nd6 Qd5 21.Rd2 Nd4 22.Rxd4
Qxg2# 0-1

[Event "Ch Europe"]
[Site "masterchessopen.com – Warsaw (Poland)"]
[Date "2005.06.25"]
[Round "7"]
[White "Parligras Mircea (ROM)"]
[Black "Timofeev Artyom (RUS)"]
[Result "1-0"]
[WhiteElo "2577"]
[BlackElo "2658"]

{ Parligras Mircea (ROM) +0 =3 -0 } 1.e4 c5 2.Nf3 Nc6 3.d4 cxd4 4.Nxd4 Nf6
5.Nc3 d6 6.Bc4 Qb6 7.Nxc6 ( 7.Nb3 e6 8.a4 Be7 9.O-O O-O 10.Bd3 Qc7 11.a5 Bd7
12.Qe2 Nb4 13.Bd2 Nxd3 14.cxd3 b5 15.Rfc1 Qb8 16.Na2 a6 17.Nb4 Qb7 18.Qe3 Rab8
19.f3 Rfc8 20.Rxc8+ Bxc8 21.Rc1 Bd7 22.Be1 Bd8 23.Bg3 Ne8 24.e5 dxe5 25.Bxe5
Rc8 26.Rxc8 Bxc8 { ...1/2-1/2, Parligras Mircea 2431 - Moldovan Daniel 2450 ,
Targoviste 2001 Ch Romania } ) 7...bxc6 8.O-O g6 { ? } 9.Qe1 ( 9.Bb3 Bg7
10.Bf4 Qc7 11.Re1 Ng4 12.Qd2 h6 13.Rad1 Rb8 14.Nb1 g5 15.Bg3 Ne5 16.Na3 Ba6
17.c3 O-O 18.h4 Bf6 19.hxg5 hxg5 20.Bxe5 dxe5 21.Bc4 Bc8 22.Qe2 Kg7 23.Bb3 Rh8
24.Nc2 e6 25.Ne3 Be7 26.Qc4 Bf8 27.Rd2 Kg6 28.Red1 a5 { ...1-0, Del Rio
Angelis Salvador G 2325 - Kozul Zdenko 2605 , Ubeda 1996 It (open) } ) 9...Nd7
{ +0.33 CAP } 10.Na4 { N } ( 10.b3 Bg7 11.Na4 Qc7 12.Bb2 Bxb2 13.Nxb2 O-O
14.f4 d5 15.Bd3 dxe4 16.Qxe4 Nc5 17.Qe3 { 1/2-1/2, Todorovic Goran M 2511 -
Perunovic Milos 2564 , Kopaonik 4. 4.2005 Ch Serbia & Montenegro } ) ( 10.Kh1
Bg7 11.f4 Ba6 12.Bxa6 Qxa6 13.Bd2 O-O 14.Rf3 Rab8 15.b3 e6 16.Rh3 d5 17.Qh4 h5
18.e5 Rfe8 19.a4 Qc8 20.Rg1 a6 21.g4 hxg4 22.Rxg4 Nf8 23.Nd1 c5 24.Nf2 Qd8
25.Rg5 f5 26.exf6 Qxf6 27.Bc3 d4 28.Bb2 e5 29.f5 e4 { ...1/2-1/2, Thipsay
Praveen M 2464 - Neelotpal Das 2458 , Calicut 2003 Ch India } ) ( 10.Be3 Qc7
11.f4 Bg7 12.Qh4 Nb6 13.Bb3 Ba6 14.Rf3 Nc4 15.Bxc4 Bxc4 16.Qf2 Rb8 17.Bd4 Bxd4
18.Qxd4 Qb6 19.Rd1 Be6 20.b3 f6 21.Re3 Bg4 22.Rd2 O-O 23.h3 Be6 24.Qd3 a5
25.Kh2 Qc7 26.Rf2 Kh8 27.Kh1 Rb4 28.a3 Rbb8 29.Qd2 Rbc8 { ...1/2-1/2, Hendriks
Willy 2418 - Nijboer Friso 2553 , Dieren 2002 Ch Netherlands (open) } )
10...Qd4 11.Bb3 Nf6 { ?! ?/± } ( 11...Ba6 { !? } 12.Bd2 Qf6 13.c4 Rg8 { ?/= }
) 12.Qa5 Qe5 { ?! ± } ( 12...Ng4 { !? } 13.Qc7 Bd7 14.Bxf7+ Kxf7 { ?/± } )
13.Qxe5 dxe5 14.f3 Nd7 15.Be3 e6 16.Rfd1 Kd8 { ?! ±/+?? } ( 16...Rg8 { !? }
17.Rd2 g5 18.Rad1 g4 { ± } ) 17.Nc5 Kc7 18.Nxd7 Bxd7 19.Bg5 Rg8 20.Rd3 c5
21.Bc4 Ba4 22.Rad1 Bg7 { ?! +?? } ( 22...a6 { !? } 23.Ra3 Bc6 24.Bd2 Bg7 {
±/+?? } ) 23.Be3 Bf8 24.Ra3 Bc6 25.Bd2 Be7 26.Ba5+ Kc8 27.Ba6+ { +?? } {#r}
1-0

[Event "Ch Vietnam (juniors) (under 07)"]
[Site "masterchessopen.com – Ho Chi Minh City (Vietnam)"]
[Round "8"]
[White "Pham Quang Hung (VIE)"]
[Black "Nguyen Ngoc Minh Tri (VIE)"]
[Result "1-0"]
[WhiteElo "1948"]
[BlackElo "1911"]

1.e4 c5 2.Nf3 Nc6 3.d4 cxd4 4.Nxd4 d6 5.Nc3 Nf6 6.Bc4 g6 7.Be3 Bg7 8.Qd2 O-O
9.O-O-O Bd7 10.Bh6 Qc7 11.f4 Bxh6 12.Ndb5 Qb8 13.e5 dxe5 14.Qf2 exf4 15.h4 f3+
16.Kb1 fxg2 17.Qxg2 Bg7 18.Rdg1 h5 19.Qxg6 Ne8 20.Qxh5 Qe5 21.Qxe5 Nxe5 22.Bb3
Kh7 23.Nd4 Nc7 24.Ne4 f6 25.Ng3 e6 {#r} 1-0

[Event "It (open)"]
[Site "masterchessopen.com – Aviles (Spain)"]
[Date "2005.08.14"]
[Round "9"]
[White "Majdan Joanna (POL)"]
[Black "Castejon Caballero Natalia (ESP)"]
[Result "1-0"]
[WhiteElo "2232"]
[BlackElo "1973"]

1.e4 c5 2.Nc3 Nc6 3.Nf3 d6 4.Bc4 Nf6 5.d4 cxd4 6.Nxd4 g6 7.Nxc6 bxc6 8.e5 Nd7
9.exd6 exd6 10.O-O Ne5 11.Bb3 Bg7 12.h3 d5 13.f4 Nd7 14.Re1+ Kf8 15.Nxd5 Bb7
16.Nc3 Qc7 17.Qe2 Nf6 18.Be3 Re8 19.Bc5+ Kg8 20.Qxe8+ Nxe8 21.Rxe8+ Bf8
22.Rxf8+ Kg7 23.Rxf7+ {#r} 1-0

[Event "Cup Independence (open)"]
[Site "masterchessopen.com – Kiev (Ukraine)"]
[Date "2005.08.15"]
[Round "4"]
[White "Ianovsky Alexander (UKR)"]
[Black "Shishkin Vadim (UKR)"]
[Result "0-1"]
[WhiteElo "2305"]
[BlackElo "2532"]

1.e4 c5 2.Nf3 Nc6 3.d4 cxd4 4.Nxd4 Nf6 5.Nc3 d6 6.Bc4 Qb6 7.Nxc6 bxc6 8.O-O g6
9.Qe1 Ng4 10.Na4 Qd4 11.Qb4 d5 12.b3 dxc4 13.Bb2 e5 14.Qe1 Qd6 15.f4 Bg7 16.h3
Nh6 17.Bxe5 Bxe5 18.fxe5 Qxe5 19.Qd2 g5 20.Qb4 Bxh3 21.gxh3 Qg3+ 22.Kh1 Qxh3+
23.Kg1 Qg3+ 24.Kh1 Ng4 25.Qd2 Rd8 {#R} 0-1

[Event "It (open)"]
[Site "masterchessopen.com – Tatranske Zruby (Slovakia)"]
[Date "2005.09.12"]
[Round "3"]
[White "Vojtek Vladimir (SVK)"]
[Black "Biros Robert (SVK)"]
[Result "1-0"]
[WhiteElo "2366"]
[BlackElo "2202"]

1.e4 c5 2.Nf3 d6 3.d4 cxd4 4.Nxd4 Nf6 5.Nc3 Nc6 6.Bc4 Qb6 7.Nde2 Bg4 8.O-O Rc8
9.Bb3 Bxe2 10.Qxe2 g6 11.Nd5 Qd8 12.Nxf6+ exf6 13.Bf4 Be7 14.Rad1 g5 15.Bg3
Qb6 16.Qh5 Nd8 17.Rd3 O-O 18.Be5 Kg7 19.Qxg5+ {#r} 1-0

[Event "It \"]
[Site "masterchessopen.com – Donskoj (Russia)"]
[Date "2005.09.17"]
[Round "4"]
[White "Castaneda Georgui (PER)"]
[Black "Pendurin Evgeniy (UKR)"]
[Result "1-0"]
[WhiteElo "2391"]
[BlackElo "2155"]

1.e4 c5 2.Nf3 Nc6 3.d4 cxd4 4.Nxd4 Nf6 5.Nc3 d6 6.Bc4 Qb6 7.Ndb5 a6 8.Be3 Qa5
9.Nd4 e6 10.O-O Be7 11.Bb3 O-O 12.f4 Bd7 13.f5 Nxd4 14.Bxd4 b5 15.Bxf6 Bxf6
16.Qxd6 b4 17.Qxd7 Rfd8 18.Qa4 Qb6+ 19.Kh1 bxc3 20.fxe6 fxe6 21.bxc3 Bxc3
22.Rab1 Rd4 23.Bc4 Rf8 24.Qa3 Rxf1+ 25.Rxf1 Bb4 26.Qf3 Rd7 27.Qf5 {#r} 1-0

[Event "Ch Russia (students)"]
[Site "masterchessopen.com – Nizhnij Tagil (Russia)"]
[Date "2005.10.07"]
[Round "4"]
[White "Sedov Anton (RUS)"]
[Black "Guseva Olga (RUS)"]
[Result "1-0"]
[WhiteElo "2064"]
[BlackElo "2251"]

1.e4 c5 2.Nf3 Nc6 3.d4 cxd4 4.Nxd4 Nf6 5.Nc3 d6 6.Bc4 e5 7.Nb3 Be7 8.O-O Be6
9.Bd5 O-O 10.h3 a5 11.Be3 a4 12.Nd2 Bxd5 13.exd5 Nb4 14.Nc4 Qc7 15.Nb6 Rad8
16.a3 Na6 17.Nb5 Qb8 18.Nxa4 Nd7 19.c4 f5 20.f4 Rf7 21.b4 Rdf8 22.Nb6 Nxb6
23.Bxb6 {#r} 1-0

[Event "Ch Russia (students)"]
[Site "masterchessopen.com – Nizhnij Tagil (Russia)"]
[Date "2005.10.10"]
[Round "7"]
[White "Kokshin Roman (RUS)"]
[Black "Yurchenko Vladimir (RUS)"]
[Result "1-0"]
[WhiteElo "2133"]
[BlackElo "2071"]

1.e4 c5 2.Nf3 d6 3.d4 cxd4 4.Nxd4 Nf6 5.Nc3 Nc6 6.Bc4 Bd7 7.Bg5 e6 8.Ndb5 Ne5
9.Be2 Bc6 10.f4 Ng6 11.f5 exf5 12.Bxf6 gxf6 13.O-O fxe4 14.Nd5 Bxd5 15.Qxd5
Qb6+ 16.Nd4 O-O-O 17.Kh1 Bh6 18.Nf5 Bf4 19.a4 Qc5 20.Qd1 Kb8 21.Nd4 Qe5 22.g3
Bxg3 23.Rf5 Qe7 24.hxg3 Ne5 25.a5 Rdg8 26.Rh5 Rxg3 27.Nf5 {#r} 1-0

[Event "Ch Croatia (team) (2nd league)"]
[Site "masterchessopen.com – Croatia"]
[Date "2005.10.16"]
[Round "7"]
[White "Cop Tomislav (CRO)"]
[Black "Lovrencic Vladimir (CRO)"]
[Result "1-0"]
[WhiteElo "2214"]
[BlackElo "2273"]

1.e4 c5 2.Nf3 d6 3.d4 cxd4 4.Nxd4 Nf6 5.Nc3 Nc6 6.Bc4 g6 7.Nxc6 bxc6 8.e5 Ng4
9.Bf4 Qb6 10.Qf3 f5 11.exd6 e5 12.O-O-O Bd7 13.Rhe1 Bg7 14.Bg5 Qxf2 15.Nb5 Rc8
16.Nc7+ {#r} 1-0

[Event "Ch France (team) (juniors) (nat.1)"]
[Site "masterchessopen.com – France"]
[Date "2005.12.19"]
[Round "6"]
[White "Jorda Thomas (FRA)"]
[Black "Guilleux Fabien (FRA)"]
[Result "1-0"]
[WhiteElo "1872"]
[BlackElo "1983"]

1.e4 c5 2.Nf3 d6 3.Nc3 Nf6 4.Bc4 Nc6 5.d4 cxd4 6.Nxd4 Qb6 7.Nxc6 bxc6 8.Bb3 e6
9.O-O Be7 10.Be3 Qc7 11.f4 O-O 12.Rf3 Re8 13.Rh3 Bf8 14.Qf3 e5 15.f5 h6 16.g4
Kh8 17.g5 Ng8 18.Kh1 Rb8 19.Rg1 Rb7 20.Qg4 {#r} 1-0

[Event "It (open)"]
[Site "masterchessopen.com – Zagreb (Croatia)"]
[Date "2006.01.16"]
[Round "3"]
[White "Armanda Ivica (CRO)"]
[Black "Jankovic Alojzije (CRO)"]
[Result "0-1"]
[WhiteElo "2342"]
[BlackElo "2533"]

1.e4 c5 2.Nf3 Nc6 3.d4 cxd4 4.Nxd4 Nf6 5.Nc3 d6 6.Bc4 Qb6 7.Nde2 e6 8.O-O Bd7
9.Bb3 Ne5 10.Bg5 Bc6 11.Ng3 h5 12.Bxf6 gxf6 13.Nxh5 f5 14.a4 O-O-O 15.a5 Qc5
16.Ng3 f4 17.Nge2 Nf3+ 18.gxf3 Qh5 {#R} 0-1

[Event "It (open)"]
[Site "masterchessopen.com – Leutersdorf (Germany)"]
[Round "2"]
[White "Doberitz Paul (GER)"]
[Black "Galazewski Tomasz (POL)"]
[Result "0-1"]
[WhiteElo "1967"]
[BlackElo "2205"]

1.e4 c5 2.Nf3 d6 3.d4 cxd4 4.Nxd4 Nf6 5.Nc3 Nc6 6.Bc4 Qb6 7.Nxc6 bxc6 8.Bb3 g6
9.Be3 Qc7 10.O-O Bg7 11.f3 O-O 12.Qd2 Rd8 13.Rad1 Ba6 14.Rfe1 c5 15.Nd5 Nxd5
16.exd5 c4 17.Ba4 c3 18.Qf2 cxb2 19.Bd4 Bxd4 20.Qxd4 Qc5 21.Qxc5 dxc5 22.Rxe7
Rab8 23.Ree1 Rb4 24.Bc6 Bc4 25.d6 Bxa2 26.d7 b1=Q {#R} 0-1

[Event "It (open)"]
[Site "masterchessopen.com – Hyderabad (India)"]
[Date "2006.02.27"]
[Round "3"]
[White "Megaranto Susanto (INA)"]
[Black "Shashikant Kutwal (IND)"]
[Result "1-0"]
[WhiteElo "2492"]
[BlackElo "2308"]

1.e4 c5 2.Nf3 d6 3.d4 cxd4 4.Nxd4 Nf6 5.Nc3 Nc6 6.Bc4 Qb6 7.Nb3 e6 8.Be3 Qc7
9.Bd3 a6 10.f4 b5 11.a3 Be7 12.O-O Bb7 13.Qf3 O-O 14.Qh3 Rfe8 15.f5 exf5
16.Qxf5 Ne5 17.h3 d5 18.Bd4 Bd6 19.exd5 Nxd3 20.Bxf6 Nxb2 21.Qg4 Bf8 22.Bd4
Na4 23.Ne4 Kh8 24.Nf6 Red8 25.Qf5 {#r} 1-0

[Event "It (open)"]
[Site "masterchessopen.com – Bad Ems (Germany)"]
[Date "2006.03.04"]
[Round "1"]
[White "Klundt Klaus (GER)"]
[Black "Fenske Wolfgang (GER)"]
[Result "1-0"]
[WhiteElo "2373"]
[BlackElo "2000"]

1.e4 c5 2.Nf3 Nc6 3.Nc3 d6 4.d4 cxd4 5.Nxd4 Nf6 6.Bc4 Bd7 7.Bg5 e6 8.Qd2 Be7
9.O-O-O a6 10.Bb3 Qc7 11.Rhe1 Nxd4 12.Qxd4 Rd8 13.f4 Bc8 14.f5 O-O 15.Rd2 h6
16.Bh4 Nh7 17.Bxe7 Qxe7 18.g4 exf5 19.gxf5 Bxf5 20.Rg1 Qe5 21.exf5 Nf6 22.Nd5
{#r} 1-0